Name the nation of BPL players - FIFA 16 - Statistics

General Stats
  • This quiz has been taken 811 times
  • The average score is 17 of 20
Answer Stats
Name Rating Position Club Answer % Correct
Kevin De Bruyne 86 CAM Manchester City Belgium
96%
Laurent Koscielny 84 CB Arsenal France
95%
Seamus Coleman 81 RB Everton Republic of Ireland
94%
Heung Min Son 77 LM Tottenham South Korea
94%
Shinji Okazaki 78 ST Leicester City Japan
93%
Georginio Wijnaldum 80 CAM Newcastle United Netherlands
92%
Matteo Darmian 81 RB Manchester United Italy
90%
Ashley Williams 81 CB Swansea City Wales
90%
Steven Fletcher 76 ST Sunderland Scotland
88%
Martin Olsson 76 LB Norwich City Sweden
87%
Martin Skrtel 81 CB Liverpool Slovakia
86%
Marko Arnautovic 79 LM Stoke City Austria
85%
Asmir Begovic 82 GK Chelsea Bosnia and Herzegovina
84%
Sadio Mane 78 CF Southampton Senegal
79%
Jordan Ayew 76 ST Aston Villa Ghana
75%
Winston Reid 79 CB West Ham New Zealand
73%
Max Gradel 79 LW Bournemouth Ivory Coast
71%
Salomon Rondon 80 ST West Bromwich Albion Venezuela
70%
Jose Holebas 77 LB Watford Greece
60%
Yannick Bolasie 77 LM Crystal Palace Democratic Republic of the Congo
52%
No matching quizzes found
Score Distribution
Percent of People with Each Score
Percentile by Number Answered
Your Score History
You have not taken this quiz